000 00423nam a2200169Ia 4500
008 230711s9999||||xx |||||||||||||| ||und||
020 _a978-81-85240-66-4
041 _aENG
082 _a624.18341
_bJA-R
100 _aJain,Ashok K
245 0 _aReinforced concrete limit state design
250 _a7th Ed.
260 _c2012
_aRoorkee
_bNim Chand & Bros
300 _a919p.
650 _aCivil Engineering
942 _cBK
999 _c6127
_d6127